000 00334nam a2200133Ia 4500
008 190216s9999||||xx |||||||||||||| ||und||
100 _aChakrabarthy. D.K
245 0 _aSolid State Chemistry
250 _a1st Ed.
260 _bNew Age International Publishers
_c2000
300 _a259 p
650 _aChemistry-Chemistry
942 _cBK
999 _c3016
_d3016